000 00575nmm a2200181Ia 4500
008 251105s9999||||xx |||||||||||||||||und||
020 _a9788471126214
041 _aspa
100 _aJarman, Ruth
245 0 _aEl desarrollo del alfabetismo científico: el uso de los media en el aula
264 _a[Madrid, España] :
_bMinisterio de Educación, Cultura y Deporte de España,
_c2010
300 _a224 páginas
650 _aEducation
700 _aJarman, Ruth
700 1 _a McClune, Billy
856 _uhttps://public.digitaliapublishing.com/a/13530
942 _cCF
999 _c67207
_d67207